ذکر شہر یاراں / (Record no. 194804)

MARC details
000 -LEADER
fixed length control field 00500nam a22001697a 4500
005 - DATE AND TIME OF LATEST TRANSACTION
control field 20230120123716.0
010 ## - LCCN (DPL NO)
LC control number UR-11847
020 ## - INTERNATIONAL STANDARD BOOK NUMBER
International Standard Book Number 9789391721046
Terms of availability 120.00
035 ## - SYSTEM CONTROL NUMBER
System control number U-10402
037 ## - SOURCE OF ACQUISITION
Source of stock number/acquisition DBAD/PUB
082 ## - DEWEY DECIMAL CLASSIFICATION NUMBER
Classification number 842
245 ## - TITLE STATEMENT
Title ذکر شہر یاراں /
Statement of responsibility, etc شاہد رشید
246 ## - VARYING FORM OF TITLE
Title proper/short title Zikr-e-Shahar Yaran /
Remainder of title compiled by Shahid Rasheed
260 ## - PUBLICATION, DISTRIBUTION, ETC. (IMPRINT)
Place of publication, distribution, etc Amravati
Name of publisher, distributor, etc Panchayat Samiti
Date of publication, distribution, etc 2021 ء
300 ## - PHYSICAL DESCRIPTION
Extent 184 ص
Dimensions 21cm(pbk)
942 ## - ADDED ENTRY ELEMENTS (KOHA)
Source of classification or shelving scheme Dewey Decimal Classification
Item type Urdu Bks
Call number suffix ذ ک ر
Edition
Classification part 842
Holdings
Withdrawn status Lost status Not for loan Collection code Home library Current library Date acquired Source of acquisition Cost, normal purchase price Full call number Barcode Copy number Cost, replacement price Koha item type
      Non-fiction Central Library Central Library 20/01/2023 DBAD/PUB 120.00 842 ذ ک ر U-10402 1 120.00 Urdu Bks

© Delhi Public Library
Hit Counter
free hit counter